000 00726cam a2200265 4500500
005 20260405003520.0
041 _afre
042 _adc
100 1 0 _aEnjalbert, Cédric
_eauthor
245 0 0 _aLætitia Dosch. Que sa joie ne meure
260 _c2022.
500 _a34
690 _aActrice
690 _aBaptiste Morizot
690 _aCheval
690 _aFilm
690 _aJoie
690 _aNature
690 _aPablo Servigne
690 _aPeter Sloterdijk
690 _aPlante
690 _aThéâtre
786 0 _nPhilosophie magazine | 159 | 5 | 2022-05-01 | p. 79-79 | 1951-1787
856 4 1 _uhttps://shs.cairn.info/magazine-philosophie-magazine-2022-5-page-79?lang=fr&redirect-ssocas=7080
999 _c2068263
_d2068263